|
|
|
|
| LEADER |
00727nam a2200193 i 4500 |
| 003 |
GR-PaULI |
| 005 |
20210117210506.0 |
| 008 |
171027s1973 xxu||||g |||| 00| 1 eng d |
| 020 |
|
|
|a 0553111477
|
| 040 |
|
|
|a GR-PaULI
|b gre
|c GR-PaULI
|e AACR2
|
| 082 |
0 |
4 |
|2 23
|a 813.54
|
| 100 |
1 |
|
|9 165164
|a Brown, Mate-Rita,
|d 1944-
|e συγγραφέας
|
| 245 |
1 |
0 |
|a Rudyfruit jungle /
|c Rita Mae Brown.
|
| 260 |
|
|
|a New York :
|b Bantam book,
|c 1973.
|
| 300 |
|
|
|a 246 σ. ;
|c 21 εκ.
|
| 942 |
|
|
|2 ddc
|c BK15
|
| 952 |
|
|
|0 0
|1 0
|2 ddc
|4 0
|6 813_540000000000000_BRO
|7 0
|9 216750
|a LISP
|b LISP
|c DON
|d 2017-10-27
|e ΒΑΛ
|i 127956
|l 0
|o 813.54 BRO
|p 025000246964
|r 2017-10-27 00:00:00
|t 1
|v 2017.00
|w 2017-10-27
|y BK15
|
| 998 |
|
|
|c ΣΑΤΛΑΝΗΣ
|d 2017-10
|
| 999 |
|
|
|c 131422
|d 131422
|